|
|
|
|
| LEADER |
00000nam a2200000 a 4500 |
| 001 |
vtls010916549 |
| 003 |
SK-MaSNL |
| 005 |
20260301220201.0 |
| 008 |
240314s2015 xo oa e n 000 0 cze |
| 015 |
|
|
|a SNBA2015/10
|
| 020 |
|
|
|a 9788022744508
|q (brož.)
|
| 035 |
|
|
|a 7E135085-EF79-4A42-9EE2-947728D4D183
|
| 035 |
|
|
|a urn:nbn:sk:snk-amkdgc
|
| 035 |
|
|
|a urn:nbn:sk:snk-am008jfs
|
| 040 |
|
|
|a SNK
|b slo
|c SNK
|e AACR2
|
| 041 |
0 |
|
|a cze
|b eng
|
| 044 |
|
|
|a xo
|c SK
|
| 072 |
|
7 |
|a 006
|x Metrológia. Štandardizácia
|2 konspekt
|
| 080 |
|
|
|a (043.5:042.3)
|2 2001
|
| 080 |
|
|
|a 006.91
|2 2001
|
| 080 |
|
|
|a 53.089.68
|2 2001
|
| 100 |
1 |
|
|a Tesař, Jiří,
|d 1973-
|4 aut
|9 259092
|
| 245 |
1 |
0 |
|a Nové a modifikované technologie při primární etalonáži jednotky tlaku od 1 nPa do 1GPa
|b tézy habilitačnej prednášky k habilitačnému konaniu za docenta v odbore 5.2.55 Metrológia
|c Jiří Tesař
|
| 250 |
|
|
|a 1. vyd.
|
| 260 |
|
|
|a Bratislava
|b Slovenská technická univerzita
|b Nakladateľstvo STU
|c 2015
|
| 300 |
|
|
|a 40 s.
|b fareb. fotogr., ilustr.
|c 21 cm
|
| 366 |
|
|
|e 50 výt. Nepredajné
|
| 490 |
1 |
|
|a Edícia kvalifikačných prác
|
| 504 |
|
|
|a Bibliogr.: s. 36-39
|
| 546 |
|
|
|a Res. angl.
|
| 650 |
0 |
7 |
|a metrológia
|2 SNKPH
|9 940
|
| 650 |
0 |
7 |
|a Metrology
|2 SNKPHeng
|9 266885
|
| 650 |
0 |
7 |
|a etalóny
|2 SNKPH
|9 16169
|
| 650 |
0 |
7 |
|a Etalons
|2 SNKPHeng
|9 330302
|
| 655 |
|
7 |
|a profesorské prednášky
|2 SNKPH
|9 115479
|
| 655 |
|
7 |
|a Inauguration lectures
|2 SNKPHeng
|9 315422
|
| 810 |
2 |
|
|a Slovenská technická univerzita v Bratislave.
|b Strojnícka fakulta
|t Edícia kvalifikačných prác
|9 184599
|
| 919 |
|
|
|a 978-80-227-4450-8
|
| 958 |
|
|
|a NB
|
| 999 |
|
|
|c 930896
|d 932826
|
| 952 |
|
|
|a SNK
|b SNK
|y PREZ
|7 0
|p 17A1173016
|o snkSC 166578
|i snk2015/28313
|8 0
|0 0
|1 0
|4 0
|d 2015-10-08
|f 1
|l 0
|r 2026-02-24 08:47:37
|w 2026-02-24
|
| 952 |
|
|
|a SNK
|b SNK
|y VYP
|7 0
|p 17A1173017
|o snkSC 166578 D1
|i snk2015/28314
|8 0
|0 0
|1 0
|4 0
|d 2015-10-08
|l 0
|r 2026-02-24 08:47:37
|w 2026-02-24
|